| 000 | 01196cam a2200301 a 4500 | ||
|---|---|---|---|
| 001 | 12243908 | ||
| 003 | NUST-PNEC | ||
| 005 | 20170116180656.0 | ||
| 008 | 001129s2001 caua b 001 0 eng | ||
| 010 | _a 00067506 | ||
| 020 | _a0534377416 | ||
| 040 | _cPNEC | ||
| 050 | 0 | 0 |
_aQA276 _b.M426 2002 |
| 082 | 0 | 0 | _a519.5 WAC |
| 100 | 1 |
_aWackerly, Dennis D., _d1945- |
|
| 245 | 1 | 0 |
_aMathematical statistics with applications _cDennis D. Wackerly, William Mendenhall III, Richard L. Scheaffer. |
| 250 | _a6th ed. | ||
| 260 |
_aPacific Grove, CA : _bDuxbury, _cc2002. |
||
| 300 |
_axvi, 853 p. : _bill. ; _c24 cm. |
||
| 500 | _aIncludes Index http://www.amazon.com/s/ref=nb_sb_noss?url=search-alias%3Dstripbooks&field-keywords=0534377416&rh=n%3A283155%2Ck%3A0534377416 | ||
| 504 | _aIncludes bibliographical references and index. | ||
| 650 | 0 |
_aMathematical statistics. _xMIS, ME |
|
| 700 | 1 | _aMendenhall, William. | |
| 700 | 1 | _aScheaffer, Richard L. | |
| 906 |
_a7 _bcbc _corignew _d1 _eocip _f20 _gy-gencatlg |
||
| 942 |
_2ddc _cBK |
||
| 999 |
_c60382 _d60382 |
||